00354nam a2200157Ia 4500008004100000041000800041082001600049100001400065245001600079250001100095260002600106300002500132365001600157500000900173700001400182230718s9999 xx 000 0 und d aeng a005.74bGIE aGieger K. aInside ODBC aREVISE c1995bMicrosoft Press a482dRef 94 C (5292) cRs.b948.00 a94 C aGieger K.